LIBRARY & INFORMATION CENTRE, KCAET, TAVANUR

ONLINE PUBLIC ACCESS CATALOGUE (OPAC)

Design, fabrication and testing of a low cost green house (Record no. 15263)

MARC details
000 -LEADER
fixed length control field 00751nam a22002177a 4500
003 - CONTROL NUMBER IDENTIFIER
control field OSt
088 ## - REPORT NUMBER
Report number P 28
100 ## - MAIN ENTRY--AUTHOR NAME
Personal name GOVINDAN S
245 ## - TITLE STATEMENT
Title Design, fabrication and testing of a low cost green house
260 ## - PUBLICATION, DISTRIBUTION, ETC. (IMPRINT)
Place of publication Tavanur 1993
Name of publisher Department of Land Water Resources and Conservation Engineering
300 ## - PHYSICAL DESCRIPTION
Number of Pages 69
500 ## - GENERAL NOTE
General note Design, fabrication and testing of a low cost green house
520 ## - SUMMARY, ETC.
Summary, etc Design, fabrication and testing of a low cost green house
700 ## - ADDED ENTRY--PERSONAL NAME
Personal name Jenet P. V
700 ## - ADDED ENTRY--PERSONAL NAME
Personal name Jissy K. Jacob
700 ## - ADDED ENTRY--PERSONAL NAME
Personal name Manoj Kumar T. S
700 ## - ADDED ENTRY--PERSONAL NAME
Personal name Dr. Jobi V. Paul (Guide)
856 ## - ELECTRONIC LOCATION AND ACCESS
Uniform Resource Identifier https://drive.google.com/open?id=1A7OxAwmgds5-Y6u0R8VjtR25PcyfvKF9
942 ## - ADDED ENTRY ELEMENTS (KOHA)
Koha item type Project Report
Holdings
Collection code Home library Current library Shelving location Full call number Accession Number Koha item type
Reference KAUAET KAUAET Reference 631.75807 GOV/DE P 28 Project Report
free website counter